<?xml version='1.0' encoding='UTF-8'?>
  <record xmlns="http://www.loc.gov/MARC21/slim">
    <leader>00000ctm a22000007i 4500</leader>
    <controlfield tag="001">ocn965408367</controlfield>
    <controlfield tag="003">OCoLC</controlfield>
    <controlfield tag="005">20250816151823.2</controlfield>
    <controlfield tag="008">100812q12001300xx            000 0 lat d</controlfield>
    <datafield tag="040" ind1=" " ind2=" ">
      <subfield code="a">QGJ</subfield>
      <subfield code="b">dut</subfield>
      <subfield code="c">QGJ</subfield>
      <subfield code="d">OCLCL</subfield>
      <subfield code="d">OCLCQ</subfield>
    </datafield>
    <datafield tag="035" ind1=" " ind2=" ">
      <subfield code="a">(OCoLC)965408367</subfield>
    </datafield>
    <datafield tag="100" ind1="0" ind2=" ">
      <subfield code="a">Bernardus Claraevallensis,</subfield>
      <subfield code="c">Pseudo-</subfield>
    </datafield>
    <datafield tag="245" ind1="1" ind2="0">
      <subfield code="a">Expositio in Cantica Canticorum /</subfield>
      <subfield code="c">secundum S. Bernardum.</subfield>
      <subfield code="f">UBU Hs. 158 (Hs 4 D 10).</subfield>
    </datafield>
    <datafield tag="260" ind1=" " ind2=" ">
      <subfield code="a">[S.l.],</subfield>
      <subfield code="c">[ca. 1200-ca. 1300]</subfield>
    </datafield>
    <datafield tag="300" ind1=" " ind2=" ">
      <subfield code="a">61 fol. :</subfield>
      <subfield code="b">ill. ;</subfield>
      <subfield code="c">275 x 185 (215 x 120) mm.</subfield>
    </datafield>
    <datafield tag="336" ind1=" " ind2=" ">
      <subfield code="a">text</subfield>
      <subfield code="b">txt</subfield>
      <subfield code="2">rdacontent</subfield>
    </datafield>
    <datafield tag="337" ind1=" " ind2=" ">
      <subfield code="a">unmediated</subfield>
      <subfield code="b">n</subfield>
      <subfield code="2">rdamedia</subfield>
    </datafield>
    <datafield tag="338" ind1=" " ind2=" ">
      <subfield code="a">volume</subfield>
      <subfield code="b">nc</subfield>
      <subfield code="2">rdacarrier</subfield>
    </datafield>
    <datafield tag="340" ind1=" " ind2=" ">
      <subfield code="a">MATERIAAL</subfield>
      <subfield code="k">littera textualis.</subfield>
    </datafield>
    <datafield tag="500" ind1=" " ind2=" ">
      <subfield code="a">Fol. 116r-176r van het convoluut.</subfield>
    </datafield>
    <datafield tag="500" ind1=" " ind2=" ">
      <subfield code="a">Deze tekst zou niet van Bernardus Claraevallensis zijn maar van Haimo Halberstadensis zijn (Migne, Patrologia Latina 117).</subfield>
    </datafield>
    <datafield tag="500" ind1=" " ind2=" ">
      <subfield code="a">Uit de oude foliëring en inhoudsopgave blijkt dat er bladen voorafgaand aan dit deel van het convoluut ontbreken (fol. 116-134). Volgens de oude foliëring is dit deel van het convoluut genummerd: fol. 135-196.</subfield>
    </datafield>
    <datafield tag="524" ind1=" " ind2=" ">
      <subfield code="a">Te citeren als: Universiteitsbibliotheek Utrecht Hs. 158 (Hs 4 D 10).</subfield>
    </datafield>
    <datafield tag="563" ind1=" " ind2=" ">
      <subfield code="a">Leren band over houten platten, resten van twee platsluitingen, klavieren.</subfield>
    </datafield>
    <datafield tag="581" ind1=" " ind2=" ">
      <subfield code="a">P.A. Tiele, Catalogus codicum manu scriptorum Bibliothecae Universitatis Rheno-Trajectinae. I. Trajecti ad Rhenum. Hagae Comitis 1887. P. 15.</subfield>
    </datafield>
    <datafield tag="581" ind1=" " ind2=" ">
      <subfield code="a">Cisterciënzer ordeleven rond Assens oude abdij. Tent. cat. Assen 1959. Assen 1959. nr. 27.</subfield>
    </datafield>
    <datafield tag="581" ind1=" " ind2=" ">
      <subfield code="a">A. Hulshof, Catalogus codicum manu scriptorum Bibliothecae Universitatis Rheno-Traiectinae. II. Traiecti ad Rhenum 1909. p. 15.</subfield>
    </datafield>
    <datafield tag="581" ind1=" " ind2=" ">
      <subfield code="a">J.P. Gumbert, Die Utrechter Kartäuser und ihre Bücher im frühen fünfzehnten Jahrhundert. Leiden 1974. p. 136f., 150f., 158f., 164, 178, 186, 189f., 193f., 226, 235, 263f., 268, 274, 284f., 288, 290, 299f., 305.</subfield>
    </datafield>
    <datafield tag="500" ind1=" " ind2=" ">
      <subfield code="a">Oude foliëring (Romeins) boven aan pagina; moderne foliëring (Arabisch) rechts beneden aan pagina.</subfield>
    </datafield>
    <datafield tag="562" ind1=" " ind2=" ">
      <subfield code="a">Binding note: Hs 4 D 10 dl 3 (fol. 116r-176r).</subfield>
      <subfield code="5">NL-UtRU</subfield>
    </datafield>
    <datafield tag="500" ind1=" " ind2=" ">
      <subfield code="a">Illustrations: Penwerkinitiaal met penwerkversiering.</subfield>
    </datafield>
    <datafield tag="655" ind1=" " ind2="7">
      <subfield code="a">Handschriften (vorm)</subfield>
      <subfield code="0">(NL-LeOCL)088143309.</subfield>
      <subfield code="2">gtt</subfield>
    </datafield>
    <datafield tag="700" ind1="0" ind2=" ">
      <subfield code="a">Haymo,</subfield>
      <subfield code="d">ca. 778-853.</subfield>
      <subfield code="1">https://id.oclc.org/worldcat/entity/E39PBJm97HkVGdJGyFM9QbRFrq</subfield>
    </datafield>
    <datafield tag="710" ind1="2" ind2=" ">
      <subfield code="a">Karthuizerklooster Nieuwlicht of Bloemendaal (Utrecht)</subfield>
      <subfield code="e">former owner.</subfield>
      <subfield code="4">fmo</subfield>
      <subfield code="5">NL-UtRU</subfield>
    </datafield>
    <datafield tag="856" ind1="4" ind2="1">
      <subfield code="u">http://objects.library.uu.nl/reader/resolver.php?obj=002319570&amp;type=2</subfield>
      <subfield code="x">Online</subfield>
      <subfield code="z">Full text</subfield>
    </datafield>
    <datafield tag="936" ind1=" " ind2=" ">
      <subfield code="a">BATCHLOAD</subfield>
    </datafield>
  </record>